00742 2200205 4500001002100000005001500021035002000036007000300056008004100059082002300100084002900123245016200152260005600314300002700370650001800397650002500415110003800440856003400478990002400512INLIS00000000000825720260421015530 a0010-0426000106ta260421 0 ind  a635:633.88:631.5/8 a635:633.88:631.5/8 DIR p1 aPedoman Teknis Pelaksanaan Pengembangan Hortikultura Tahun 2012 : Peningkatan, Produksi, Produktivitas,Dan Mutu Produk Sayuran Dan Tanaman Obat Berkelanjutan aJakarta :bDirektorat Jendreral Hortikultura,c2011 a197p. :bIlus ;c21 cm 4aProduktivitas 4aSayuran-Tanaman Obat0 aDirektorat Jendreral Hortikultura aPerpustakaan BBRMP Jawa Timur a397/2026/BBRMPJATIM